All countries by democracy index - Statistics

General Stats
  • This quiz has been taken 959 times
  • The average score is 48 of 167
Answer Stats
Rank Democracy index Starting letter Country % Correct
1 9.81 N Norway
97%
2 9.37 I Iceland
95%
3 9.26 S Sweden
95%
7 9.15 D Denmark
88%
6 9.20 F Finland
88%
5 9.24 C Canada
85%
8 9.05 I Ireland
83%
=9 8.96 A Australia
79%
4 9.25 N... New Zealand
77%
=9 8.96 N Netherlands
76%
16 8.54 U... United Kingdom
75%
14 8.67 G Germany
72%
12 8.83 S Switzerland
71%
13 8.68 L Luxembourg
69%
25 7.92 U... United States
68%
15 8.61 U Uruguay
68%
21 8.13 J Japan
66%
24 7.99 F France
65%
=18 8.16 A Austria
64%
=27 7.84 E Estonia
57%
26 7.90 P Portugal
57%
23 8.01 S... South Korea
56%
11 8.94 T Taiwan
56%
29 7.74 I Italy
54%
167 1.08 N... North Korea
54%
22 8.12 S Spain
49%
166 1.13 D... Democratic Republic of the Congo
47%
17 8.28 C Chile
46%
=157 1.95 Y Yemen
46%
=27 7.84 I Israel
45%
=18 8.16 C... Costa Rica
43%
31 7.67 C... Czech Republic
43%
=42 7.13 J Jamaica
41%
36 7.51 B Belgium
40%
127 3.16 Z Zimbabwe
40%
126 3.24 Q Qatar
39%
37 7.39 G Greece
38%
38 7.24 L Latvia
38%
=99 4.86 Z Zambia
38%
136 3.00 O Oman
37%
145 2.70 U... United Arab Emirates
37%
=55 6.56 H Hungary
36%
=42 7.13 L Lithuania
36%
165 1.32 C... Central African Republic
33%
53 6.61 I India
33%
35 7.54 S Slovenia
33%
143 2.76 V Venezuela
33%
137 2.94 V Vietnam
33%
50 6.85 P Poland
32%
63 6.32 D... Dominican Republic
31%
30 7.68 M Malta
31%
45 7.05 S... South Africa
31%
162 1.72 T Turkmenistan
30%
155 2.12 U Uzbekistan
30%
44 7.06 E... East Timor
29%
152 2.20 I Iran
29%
=118 3.62 J Jordan
29%
41 7.16 T... Trinidad & Tobago
29%
153 2.15 E Eritrea
28%
128 3.14 K Kazakhstan
28%
40 7.18 P Panama
28%
164 1.43 S Syria
28%
147 2.63 G... Guinea Bissau
26%
48 6.95 A Argentina
25%
=64 6.30 I Indonesia
25%
161 1.77 L Laos
25%
57 6.53 P Peru
25%
62 6.40 R Romania
25%
124 3.31 R Russia
25%
47 6.97 S Slovakia
25%
32 7.65 C... Cape Verde
24%
151 2.27 C China
24%
144 2.71 D Djibouti
24%
160 1.92 E... Equatorial Guinea
24%
83 5.72 F Fiji
24%
20 8.14 M Mauritius
24%
129 3.11 R... Republic of the Congo
24%
33 7.62 B Botswana
23%
49 6.92 B Brazil
23%
106 4.22 H Haiti
23%
=157 1.95 L Libya
23%
=55 6.56 P Philippines
23%
156 2.08 S... Saudi Arabia
23%
159 1.94 T Tajikistan
23%
163 1.55 C Chad
22%
88 5.36 H Honduras
22%
78 5.89 N... North Macedonia
22%
70 6.10 P... Papua New Guinea
22%
79 5.81 U Ukraine
22%
34 7.56 C Cyprus
21%
=118 3.62 I Iraq
21%
98 4.94 U Uganda
21%
52 6.71 B Bulgaria
20%
=130 3.10 R Rwanda
20%
46 7.04 C Colombia
19%
77 5.90 E... El Salvador
19%
107 4.21 K Kyrgyzstan
19%
116 3.73 B... Burkina Faso
18%
154 2.14 B Burundi
18%
=59 6.50 C Croatia
18%
114 3.80 K Kuwait
18%
39 7.19 M Malaysia
18%
139 2.85 A Afghanistan
17%
146 2.68 A Azerbaijan
17%
95 5.05 K Kenya
17%
125 3.29 N Niger
17%
71 6.08 A Albania
16%
148 2.59 B Belarus
16%
101 4.84 B... Bosnia & Herzegovina
16%
58 6.52 N Namibia
16%
67 6.18 P Paraguay
16%
66 6.22 S Serbia
16%
54 6.59 T Tunisia
16%
89 5.35 A Armenia
15%
69 6.13 E Ecuador
15%
138 2.93 E Egypt
15%
=59 6.50 G Ghana
15%
=133 3.08 G Guinea
15%
109 4.11 I... Ivory Coast
15%
105 4.31 P Pakistan
15%
75 6.01 G Guyana
14%
72 6.07 M Mexico
14%
81 5.77 M Montenegro
14%
68 6.14 S... Sri Lanka
14%
73 6.04 T Thailand
14%
104 4.48 T Turkey
14%
123 3.38 E Ethiopia
13%
80 5.78 M Moldova
13%
149 2.54 S Sudan
13%
51 6.82 S Suriname
13%
117 3.66 A Angola
12%
150 2.49 B Bahrain
12%
121 3.54 G Gabon
12%
111 3.93 M Mali
12%
120 3.60 N Nicaragua
12%
115 3.77 A Algeria
11%
140 2.84 C Cuba
11%
91 5.31 G Georgia
11%
=64 6.30 L Lesotho
11%
135 3.04 M Myanmar
11%
110 4.10 N Nigeria
11%
142 2.77 C Cameroon
10%
=133 3.08 E Eswatini
10%
97 4.97 G Guatemala
10%
108 4.16 L Lebanon
10%
112 3.92 M Mauritania
10%
61 6.48 M Mongolia
10%
=99 4.86 S... Sierra Leone
10%
74 6.03 S Singapore
10%
141 2.80 T Togo
10%
102 4.58 B Benin
8%
84 5.71 B Bhutan
8%
94 5.08 B Bolivia
8%
=130 3.10 C Cambodia
8%
103 4.49 G Gambia
8%
90 5.32 L Liberia
8%
82 5.74 M Malawi
8%
96 5.04 M Morocco
8%
122 3.51 M Mozambique
8%
92 5.22 N Nepal
8%
93 5.10 T Tanzania
8%
76 5.99 B Bangladesh
7%
87 5.57 H... Hong Kong
7%
85 5.70 M Madagascar
6%
132 3.09 C Comoros
5%
86 5.67 S Senegal
5%
113 3.83 P Palestine
4%
No matching quizzes found
Score Distribution
Percent of People with Each Score
Percentile by Number Answered
Your Score History
You have not taken this quiz